| 000 | 01925nam a22002777a 4500 | ||
|---|---|---|---|
| 003 | DO-SdBNP | ||
| 005 | 20220531084017.0 | ||
| 008 | 210518b ||||| |||| 00| 0 eng d | ||
| 020 | 4 | _a978-9945-8539-9-5 | |
| 040 | 4 |
_aDO-SdBNP _bspa _cBNPHU |
|
| 082 | 4 |
_a352.77 _bR426m, 2012-2013 _222 |
|
| 110 | 1 |
_aRepública Dominicana . _bMinisterio de Obras Públicas y Comunicaciones _974825 |
|
| 245 | 1 | _aMemorias del primer año del cuatrienio 2012-2016. | |
| 260 |
_aSanto Domingo : _bMOPC, _c2013. |
||
| 300 |
_a221 p. : _bil., fots. ; _c30 cm |
||
| 505 | _aMensaje del Ministro Gonzalo Castillo -- | ||
| 505 |
_aGestión 2012-2013 _tInversiones en obras públicas para un estado social y democrático / _r Carlos Santos Durán |
||
| 505 |
_aSobre el perfil de una acción ministerial de impacto y transparencia ante los ojos de la nación -- _rPor Abil Peralta Agüero |
||
| 505 |
_aGalería de carreteras construidas, pavimentadas y señalizadas -- _tGalería circuito vial del Este -- _tGalería de calles construidas, pavimentadas y señalizadas en municipios y provincias -- _tGalería de puentes construidos y reconstruidos -- _tGalería de edificaciones -- _tPrograma de señalizaciónes viales -- _tPrograma de protección y asistencia vial -- _tPrograma de mantenimiento vial -- _tAcuerdo con los ayuntamientos en las 32 provincias del país -- _tRespuestas a daños ocacionados por fenómenos atmosféricos -- _tCooperación interinstitucional -- _tConstrucción de paseo marítimo 30 de mayo. |
||
| 590 | _aInventariado, 2021 / SA | ||
| 610 | 1 | 4 |
_aRepública Dominicana _bMinisterio de Obras Públicas _vMemorias _y2012-2013 _978758 |
| 700 |
_aAbril Peralta Agüero _eCoordinador editorial _978623 |
||
| 700 |
_aAlexander Ramírez Paulino, Alina Miéses, Alfredo Olaverría [et. al ] _eFotografías de obras del MOPC _978626 |
||
| 910 | _aSaquino/Validado. Control de calidad MFF | ||
| 942 |
_2ddc _cLBS1 |
||
| 999 |
_c49826 _d49826 |
||